| 000 | 00671nam a22002297a 4500 | ||
|---|---|---|---|
| 003 | OSt | ||
| 005 | 20131210170245.0 | ||
| 008 | 130614r19901972ve ||||| |||| 00| 0 spa d | ||
| 020 | _a9800100938 | ||
| 022 | _29800100938 | ||
| 040 |
_cCDMR _bcat |
||
| 100 | 1 |
_93788 _aPasquali, Antonio |
|
| 245 | 1 | 0 |
_aComunicación y cultura de masas _cAntonio Pasquali |
| 250 | _a6a ed. | ||
| 260 |
_aCaracas _bMonte Ávila Latinoamérica _c1990 |
||
| 300 | _a611 p. | ||
| 490 | 0 | _aEstudios (Monte Ávila) | |
| 650 | 0 | 4 |
_93790 _aMitjans de comunicació de massa _zVeneçuela |
| 650 | 0 | 4 |
_94364 _aPolítica de la comunicació |
| 650 | 0 | 4 |
_93211 _aComunicació i cultura |
| 942 |
_2udc _cMON |
||
| 999 |
_c6465 _d6465 |
||